| 000 | 00557nam a2200169Ia 4500 | ||
|---|---|---|---|
| 003 | OSt | ||
| 005 | 20260116123633.0 | ||
| 008 | 251013s9999||||xx |||||||||||||| ||und|| | ||
| 040 | _c0 | ||
| 100 | _aDalal, Tamanna | ||
| 245 | 0 |
_aExploring the effect of farmer social networks on information access for sustainable agriculture in Haryana / _bTamanna Dalal |
|
| 260 |
_aBangalore : _bNLSIU, _c2023. |
||
| 300 |
_a59 p. : _c24 cm. |
||
| 700 | _aProf. Sony Pellissery - Supervisor | ||
| 856 | _uhttps://dans.nls.ac.in/handle/123456789/1297 | ||
| 942 |
_cDIS _2ddc |
||
| 999 |
_c213926 _d213926 |
||